000 00479nam a2200181Ia 4500
005 20250326142027.0
008 250326s9999 xx 000 0 und d
037 _aTextbook
040 _aFMSL
_beng
_cFMSL
041 _aeng
_2eng
084 _qFMSL
100 _aRajaraman V
245 0 _aComputer programming in pasal
_cRajaraman V; Nil
260 _aNew Delhi
_bNew Delhi, Prentice Hall of India
_c1983
300 _a228p
942 _cTB
999 _c1293106
_d1293106